Statistics for Actors By Movie #3

Click here to take the quiz!

General Stats

  • This quiz has been taken 46 times
  • The average score is 12 of 26

Answer Stats

HintAnswer% Correct
Deadpool, Green Lantern, Free GuyRyan Reynolds
97%
Fight Club, The Curious Case of Benjamin ButtonBrad Pitt
92%
Swordfish, Pulp Fiction, Saturday Night FeverJohn Travolta
92%
The Incredible Hulk, Fight ClubEd Norton
86%
The Shaggy D.A., The Ugly DachshundDean Jones
78%
Return of The Jedi, The Lion King, Fantasia 2000James Earl Jones
78%
Jurassic World: Fallen Kingdom, Captain AmericaToby Jones
78%
Die Hard With a Vengeance, The Lego Movie 2Bruce Willis
73%
The Lion King, Pineapple Express, Sausage PartySeth Rogen
62%
Mary Poppins, Night at The Museum,Dick Van Dyke
54%
Its a Wonderful Life, Mr. Smith Goes to WashingtonJimmy Stewart
54%
Secret Life of Pets 2, Juamnji: The Next LevelKevin Hart
49%
Cat in The Hat, Boss Baby,Alec Baldwin
43%
Empire Strikes Back, Batman, Rise of SkywalkerBilly Dee Williams
38%
Togo, Spider-Man 3, Aquaman, Spider-ManWillem Dafoe
30%
The Lion King, Tom And Huck, I'll be Home for ChristmasJonathan Taylor Thomas
27%
Iron Man 2, G-Force, Hitchhikers Guide to The GalaxySam Rockwell
27%
Teenage Mutant Ninja Turtles, The Lego Batman MovieWill Arnett
24%
Solo, Spider-Man: Homecoming, The Lion KingDonald Glover
22%
Pink Panther 2, Frozen II, Spider-Man 2Alfred Molina
19%
Beauty and The Beast, Murder on The Orient ExpressJosh Gad
19%
Movie 43, Superman ReturnsBrandon Routh
16%
Ratatouille, Secret Life of Pets 2Patten Oswalt
14%
The Shaggy Dog, Follow Me BoysFred MacMurray
11%
High School Musical 2, Adventures of Food Boy,Lucas Grabeel
11%
The Lost World: Jurassic Park, Man of SteelRichard Schiff
11%

Score Distribution

Percentile by Number Answered

Percent of People with Each Score

Your Score History

You have not taken this quiz